[Event "DEN-ch G5-1"]
[Site "Helsingor"]
[Date "2012.06.04"]
[Round "2"]
[White "Schmidt, Niels Kim"]
[Black "Svendsen, Peter Willer"]
[Result "0-1"]
[WhiteElo "1824"]
[BlackElo "1945"]
[PlyCount "80"]
[EventDate "2012.04.05"]
[EventType "tourn"]
[EventRounds "5"]
[EventCountry "DEN"]
[SourceTitle "EXT 2023"]
[Source "ChessBase"]
[SourceDate "2022.10.05"]
[SourceVersion "1"]
[SourceVersionDate "2022.10.05"]
[SourceQuality "1"]

1. e4 e5 2. Nf3 Nf6 3. Nc3 d6 4. d4 Nbd7 5. Be2 Be7 6. dxe5 dxe5 7. 0-0 c6 8. Bg5 0-0 9. Bxf6 Bxf6 10. h3 Qb6 11. Rb1 Nc5 12. Bc4 Be6 13. Qe2 Rad8 14. b4 Bxc4 15. Qxc4 Ne6 16. b5 Nd4 17. Nxd4 exd4 18. Na4 cxb5 19. Rxb5 Qa6 20. Nc5 Qc6 21. Qa4 a6 22. Ra5 b5 23. Qb4 Be7 24. Rxa6 Qxc5 25. Qb3 Qc4 26. Rb1 d3 27. cxd3 Rxd3 28. Qxb5 Rd1+ 29. Kh2 Qc7+ 30. g3 Qc2 31. Rxd1 Qxf2+ 32. Kh1 Qf3+ 33. Kh2 Qxd1 34. Qb7 Qe2+ 35. Kh1 Qf3+ 36. Kh2 Bc5 37. h4 h5 38. Ra8 g6 39. Rxf8+ Bxf8 40. a4 Bd6 0-1

[Event "DEN-ch G5-1"]
[Site "Helsingor"]
[Date "2012.04.07"]
[Round "3"]
[White "Rasmussen, Morten Fredsgaard"]
[Black "Schmidt, Niels Kim"]
[Result "1-0"]
[WhiteElo "1864"]
[BlackElo "1824"]
[PlyCount "107"]
[EventDate "2012.04.05"]
[EventType "tourn"]
[EventRounds "5"]
[EventCountry "DEN"]
[SourceTitle "EXT 2023"]
[Source "ChessBase"]
[SourceDate "2022.10.05"]
[SourceVersion "1"]
[SourceVersionDate "2022.10.05"]
[SourceQuality "1"]

1. d4 d5 2. Nf3 Nf6 3. Bf4 g6 4. e3 Bg7 5. Nbd2 0-0 6. Bd3 Nbd7 7. h3 c5 8. c3 cxd4 9. cxd4 Nh5 10. Bh2 Kh8 11. 0-0 e6 12. Rc1 f5 13. Bd6 Rf7 14. g4 Nb6 15. Bc5 fxg4 16. hxg4 Nf6 17. Ng5 Rc7 18. Qf3 Kg8 19. Qg3 Na4 20. Bb6 axb6 21. Rxc7 Ne8 22. Rxg7+ Kxg7 23. Qe5+ Qf6 24. Bb5 Qxe5 25. dxe5 h6 26. Bxe8 hxg5 27. Bxa4 Rxa4 28. Rc1 Ra8 29. Rc7+ Kh6 30. Nb3 b5 31. Nd4 b4 32. Nb5 b6 33. Nd6 Ba6 34. Nf7+ Kg7 35. Nxg5+ Kg8 36. Nxe6 Bd3 37. a3 Rxa3 38. bxa3 b3 39. Rc1 b2 40. Rd1 b1Q 41. Rxb1 Bxb1 42. Kg2 Kf7 43. Nd4 Bd3 44. Kg3 Bb1 45. Kf4 Bd3 46. Kg5 Bb1 47. f4 Bd3 48. f5 gxf5 49. gxf5 Bb1 50. e6+ Ke7 51. Nc6+ Ke8 52. f6 Be4 53. f7+ Kf8 54. Kf6 1-0

[Event "DEN-ch G5-1"]
[Site "Helsingor"]
[Date "2012.04.05"]
[Round "1"]
[White "Olesen, Michael Jacob"]
[Black "Schmidt, Niels Kim"]
[Result "0-1"]
[WhiteElo "1931"]
[BlackElo "1824"]
[PlyCount "68"]
[EventDate "2012.04.05"]
[EventType "tourn"]
[EventRounds "5"]
[EventCountry "DEN"]
[SourceTitle "EXT 2023"]
[Source "ChessBase"]
[SourceDate "2022.10.05"]
[SourceVersion "1"]
[SourceVersionDate "2022.10.05"]
[SourceQuality "1"]

1. Nf3 Nf6 2. g3 g6 3. Bg2 Bg7 4. 0-0 0-0 5. d4 d5 6. c4 c6 7. cxd5 cxd5 8. Nc3 Nc6 9. Ne5 e6 10. e3 Nd7 11. f4 f6 12. Nxc6 bxc6 13. Na4 Re8 14. Qc2 Bb7 15. g4 e5 16. f5 e4 17. Bd2 g5 18. Rf2 Bf8 19. Rc1 Rc8 20. Nc5 Bxc5 21. dxc5 Ne5 22. Qb3 Rb8 23. Rff1 Ba6 24. Qa3 Bxf1 25. Rxf1 Nc4 26. Qc3 Rxb2 27. Be1 Kg7 28. h4 h6 29. hxg5 hxg5 30. Bg3 Qa5 31. Qxa5 Nxa5 32. Ra1 Nc4 33. Bf2 Reb8 34. Rc1 Rb1 0-1

[Event "DEN-ch B5 Gr2 "]
[Site "Koge"]
[Date "2004.04.??"]
[Round "4"]
[White "Christiansen, Per"]
[Black "Schmidt, Niels Kim"]
[Result "0-1"]
[WhiteElo "1764"]
[BlackElo "1762"]
[PlyCount "50"]
[EventDate "2004.04.08"]
[EventType "swiss"]
[EventRounds "5"]
[EventCountry "DEN"]
[SourceTitle "EXT 2023"]
[Source "ChessBase"]
[SourceDate "2022.10.05"]
[SourceVersion "1"]
[SourceVersionDate "2022.10.05"]
[SourceQuality "1"]

1. e4 c5 2. Nf3 Nc6 3. d4 cxd4 4. Nxd4 d6 5. Nc3 Nf6 6. Be2 Bd7 7. 0-0 g6 8. Be3 Bg7 9. Rb1 0-0 10. f3 Kh8 11. Qd2 a6 12. Rfc1 Ne5 13. Nd5 Nxd5 14. exd5 Rc8 15. c4 Rc7 16. b4 Qc8 17. c5 Qb8 18. c6 bxc6 19. dxc6 Nxc6 20. Bxa6 Nxd4 21. Bxd4 e5 22. Rxc7 Qxc7 23. Bf2 Ra8 24. b5 Qb8 25. Qe2 Rxa6 0-1